Esthetics With Resin Composite (Record no. 42908)

MARC details
000 -LEADER
fixed length control field 00349pam a2200133 a 4500
020 ## - INTERNATIONAL STANDARD BOOK NUMBER
International Standard Book Number 978-1-85097-183-2
Terms of availability
041 ## - LANGUAGE CODE
Language code of original
082 ## - DEWEY DECIMAL CLASSIFICATION NUMBER
Classification number 617.69
Item number BUR
100 ## - MAIN ENTRY--PERSONAL NAME
Personal name Hugo,
Relator term Burkard.
245 ## - TITLE STATEMENT
Title Esthetics With Resin Composite
Medium Textual Documents
260 ## - PUBLICATION, DISTRIBUTION, ETC.
Place of publication, distribution, etc. London
Name of publisher, distributor, etc. Quintessence Publishing Co, Inc
300 ## - PHYSICAL DESCRIPTION
Extent 260:
Dimensions 28.5*21+
Accompanying material BOOK.
930 ## - EQUIVALENCE OR CROSS-REFERENCE-UNIFORM TITLE HEADING [LOCAL, CANADA]
Uniform title 3548
Holdings
Withdrawn status Lost status Damaged status Not for loan Collection Home library Current library Date acquired Source of acquisition Cost, normal purchase price Total Checkouts Full call number Barcode Date last seen Copy number Price effective from Koha item type
          Dental College & Hospital, Pune Dental College & Hospital, Pune 30/01/2017 Bharati Mad. Sahakari Grahak Bhandar 14008.60   617.69 BUR DCP-PG-1207 24/02/2023 1 24/02/2023 Book